000 00868nam a22002657a 4500
001 9510
003 FISKH
005 20260116090851.0
008 260116b cb ||||| |||| 00| 0 eng d
040 _aFISKH
_beng
_cFISKH
_dFISKH
050 _aPZ7
082 _a914
100 _aDutta, Shyama
_eAuthor
245 _aLet's know about Europe /
260 _aPune :
_bUnicate Publications ;
_c2003
300 _a12 unnumbered pages :
_bphotographs ;
_c20 cm
505 _aP
520 _aLet’s Know Europe by Shyama Dutta introduces young readers to the continent of Europe, explaining its countries, people, culture, landmarks, and geography in simple, easy-to-understand language.
521 8 _a650
_bLexile estimate
521 8 _aP
_bRaz-Plus
650 _aNature
_vWildlife
650 _aContinents
_vCountries
942 _2ddc
_cBK
_n0
999 _c9510
_d9510